Fray Perico en la guerra /

Durante la Guerra de la Independencia, el convento de fray Perico es atacado. Los franceses roban la imagen de San Francisco y a Calcetín, el burro del simpático fraile. Los monjes se unirán para encontrarles y recibirán ayuda de los personajes más insospechados.

Guardado en:
Autor Principal: Muñoz, Juan.
Formato: Libro
Idioma:Undetermined
Publicado: Madrid : SM, 1997.
Series:Barco de vapor. Naranja ; 61
Materias:
Etiquetas: Agregar Etiqueta
Sin Etiquetas, Sea el primero en etiquetar este registro!
LEADER 01090nam a22002415a 4500
001 CEM.cems019726
008 221012s1997####sp############000#0#und#d
005 20221107103645.0
245 1 0 |a Fray Perico en la guerra /  |c Juan Muñoz. 
260 |a Madrid :  |b SM,  |c 1997. 
300 |a 157 p. ;  |c 20 cm. 
490 1 |a Barco de vapor. Naranja ;  |v 61 
520 |a Durante la Guerra de la Independencia, el convento de fray Perico es atacado. Los franceses roban la imagen de San Francisco y a Calcetín, el burro del simpático fraile. Los monjes se unirán para encontrarles y recibirán ayuda de los personajes más insospechados. 
020 |a 8434828863 
100 1 |a Muñoz, Juan. 
082 0 4 |a 863.4 
653 |a Novela 
653 |a Literatura Infantil 
653 |a Literatura Juvenil 
859 |a CEMS  |b BIB. CEMS - Inicial y Primaria  |h 863.4  |i M93  |k IP  |p 1919  |t Ej.1 
859 |a CEMS  |b BIB. CEMS - Inicial y Primaria  |h 863.4  |i M93  |k IP  |p 1922  |t Ej.2 
859 |a CEMS  |b BIB. CEMS - Inicial y Primaria  |h 863.4  |i M93  |k IP  |p 1921  |t Ej.3 
859 |a CEMS  |b BIB. CEMS - Inicial y Primaria  |h 863.4  |i M93  |k IP  |p 1920  |t Ej.4